Bauliana : (Record no. 5259)
[ view plain ]
| 000 -LEADER | |
|---|---|
| fixed length control field | 01349cam a2200373 i 4500 |
| 001 - CONTROL NUMBER | |
| control field | 20145392 |
| 003 - CONTROL NUMBER IDENTIFIER | |
| control field | OSt |
| 005 - DATE AND TIME OF LATEST TRANSACTION | |
| control field | 20251203114556.0 |
| 008 - FIXED-LENGTH DATA ELEMENTS--GENERAL INFORMATION | |
| fixed length control field | 171117e200702 bg 000 e eng |
| 010 ## - LIBRARY OF CONGRESS CONTROL NUMBER | |
| LC control number | 2017326232 |
| 020 ## - INTERNATIONAL STANDARD BOOK NUMBER | |
| International Standard Book Number | 9789849273653 |
| 025 ## - OVERSEAS ACQUISITION NUMBER | |
| Overseas acquisition number | B-E-2017326232; 04 |
| 035 ## - SYSTEM CONTROL NUMBER | |
| System control number | 20145392 |
| 037 ## - SOURCE OF ACQUISITION | |
| Source of stock number/acquisition | Library of Congress -- New Delhi Overseas Office |
| 040 ## - CATALOGING SOURCE | |
| Language of cataloging | eng |
| Transcribing agency | Foundation University |
| Description conventions | rda |
| 041 1# - LANGUAGE CODE | |
| Language code of text/sound track or separate title | eng |
| -- | ben |
| Language code of original | ben |
| 042 ## - AUTHENTICATION CODE | |
| Authentication code | lcode |
| -- | pcc |
| 043 ## - GEOGRAPHIC AREA CODE | |
| Geographic area code | a-bg--- |
| 050 00 - LIBRARY OF CONGRESS CALL NUMBER | |
| Classification number | BL 1284.835.B36 |
| Item number | .2017 H37 |
| 100 0# - MAIN ENTRY--PERSONAL NAME | |
| Personal name | Haque, Maqsoodul, |
| Relator term | author. |
| 9 (RLIN) | 13224 |
| 245 10 - TITLE STATEMENT | |
| Title | Bauliana : |
| Remainder of title | worshipping the great God in man : the Bauls of Bangladesh and Fakir Lalon Shah / |
| Statement of responsibility, etc. | Maqsoodul Haque. |
| 246 30 - VARYING FORM OF TITLE | |
| Title proper/short title | Bauls of Bangladesh and Fakir Lalon Shah |
| 264 #1 - PRODUCTION, PUBLICATION, DISTRIBUTION, MANUFACTURE, AND COPYRIGHT NOTICE | |
| Place of production, publication, distribution, manufacture | Dhaka : |
| Name of producer, publisher, distributor, manufacturer | Agrodoot & Company, |
| Date of production, publication, distribution, manufacture, copy right date | 2017. |
| Copyright Date | 2017. |
| 300 ## - PHYSICAL DESCRIPTION | |
| Extent | 381 pages ; |
| Dimensions | 18 cm |
| 336 ## - CONTENT TYPE | |
| Content type term | text |
| Content type code | txt |
| Source | rdacontent |
| 337 ## - MEDIA TYPE | |
| Media type term | unmediated |
| Media type code | n |
| Source | rdamedia |
| 338 ## - CARRIER TYPE | |
| Carrier type term | volume |
| Carrier type code | nc |
| Source | rdacarrier |
| 546 ## - LANGUAGE NOTE | |
| Language note | Includes passages in Bangali |
| Information code or alphabet | (Bengali and Roman). |
| 600 00 - SUBJECT ADDED ENTRY--PERSONAL NAME | |
| Personal name | Lālana Śāha, |
| Dates associated with a name | 1774-1890. |
| 9 (RLIN) | 13225 |
| 650 #0 - SUBJECT ADDED ENTRY--TOPICAL TERM | |
| Topical term or geographic name entry element | Bauls |
| Geographic subdivision | Bangladesh. |
| 9 (RLIN) | 13226 |
| 650 #0 - SUBJECT ADDED ENTRY--TOPICAL TERM | |
| Topical term or geographic name entry element | Bauls |
| General subdivision | Hymns |
| -- | History and criticism. |
| 9 (RLIN) | 13227 |
| 651 #0 - SUBJECT ADDED ENTRY--GEOGRAPHIC NAME | |
| Geographic name | Bangladesh |
| General subdivision | Religious life and customs. |
| 9 (RLIN) | 13228 |
| 942 ## - ADDED ENTRY ELEMENTS (KOHA) | |
| Source of classification or shelving scheme | Library of Congress Classification |
| Koha item type | Books |
| Classification part | BL 1284.835.B36 |
| Item part | .2017 H37 |
| Call number prefix | (CoE-SS) |
| Withdrawn status | Lost status | Source of classification or shelving scheme | Damaged status | Not for loan | Home library | Current library | Shelving location | Date acquired | Source of acquisition | Total Checkouts | Full call number | Barcode | Date last seen | Price effective from | Koha item type | Accession Number |
|---|---|---|---|---|---|---|---|---|---|---|---|---|---|---|---|---|
| Library of Congress Classification | Foundation University Library | Foundation University Library | CoEducation | 12/03/2025 | Donation | (CoE-SS) BL 1284.835.B36 .2017 H37 | 0172025079 | 12/03/2025 | 12/03/2025 | Books | CoE-2025079 |
